000 01347cam a22002174a 4500
005 20250605164232.0
008 250528s ||||||||||||||||||||||||d
035 _a21004
020 _a9781446295472
040 _aGR-AtMCL
_bgre
_dGR-AtMCL
_eAACR2
245 1 _aHow to Succeed at University / An Essential Guide to Academic Skills, Personal Development and Employability
250 _a2nd
260 _bSage Publications,
_c2015
300 _a274
520 _aThis book is a vital resource for both potential, and experienced students in higher education, whether undergraduate or postgraduate. Introduction, How to Develop your Personal Skills, How to Prepare Yourself for Higher Education, How to Plan Your Personal Development, How to Improve Your People Skills, How to Develop Your Academic Skills, How Do You Learn and How Do You Know What is Required of You, How to Plan and Conduct and Review Your Research, How to Develop Successful Examination Techniques, How to Develop Your Employability Skills, How to Understand the Application Process in Order to Get Shortlisted, How to Give Yourself the Best Chance of Success in the Selection Process, How to Continue Developing Yourself for Your Future Success.
700 1 _aFowlie Julie
_97023
700 1 _aSmale Bob
_97024
942 _cBK
999 _c6081
_d6081